Interpreting Kerala`s Social Development (Record no. 16895)

MARC details
000 -LEADER
fixed length control field 00562nam a2200229 a 4500
020 ## - INTERNATIONAL STANDARD BOOK NUMBER
ISBN 8189524097
082 00 - DEWEY DECIMAL CLASSIFICATION NUMBER
Classification number 301
Author Cutter ALO
100 ## - MAIN ENTRY--AUTHOR NAME
Author name Aloysius, G
245 ## - TITLE STATEMENT
Title Interpreting Kerala`s Social Development
260 ## - PUBLICATION, DISTRIBUTION, ETC. (IMPRINT)
Place of publication New Delhi
Name of publisher Critical Quest
Year of publication 2005
300 ## - PHYSICAL DESCRIPTION
Number of Pages 32p
500 ## - GENERAL NOTE
General note includes index and biblioraphy
650 ## - SUBJECT ADDED ENTRY--TOPICAL TERM
Topical Term Sociology
942 ## - ADDED ENTRY ELEMENTS (KOHA)
Koha item type Books
700 1# -
-- Aloysius, G
Holdings
Collection code Home library Current library Date acquired Cost, normal purchase price Full call number Accession Number Koha item type
  Henry Martyn Institute Library Henry Martyn Institute Library 07/27/2009 20.00 301 ALO 022819 Books
                   Copyright © 2026 | Henry Martyn Institute | Hyderabad | TS-500052 | INDIA | Implemented by hmi.edu.in
Hit-Count:

Powered by Koha